000 03382nam0a2200457 4500
001 RU\NLR\BIBL_A\011739861
005 20250630160323.0
020 _aRU
_b16458
_9Сводный каталог листовок первых лет Советской власти (25 октября (7 ноября) 1917 - 1925) Т.5. Листовки советских, партийных, профсоюзных, комсомольских и других организаций Уральской области, автономных областей и республик РСФСР. Ч.2
035 _a(NLR Aleph) 011739861
090 _a11572691
_c11572691
100 _a20180629d1921 |||y0rusy50 ca
101 0 _arus
102 _aRU
105 _ay z 000zy
135 _acrcn 024apada
200 1 _aВсем учреждениям, заведениям, предприятиям и организациям гор. Свияжска и его кантона. Циркулярно: г. Свияжск, 5 марта 1921 г. № 877: [О правах и обязанностях организаций, выдающих документы на освобождение от призыва и откомандирование из рядов Красной армии
_eлистовка]
210 _aСвияжск
_cГос. тип.
_d[1921, март]
215 _a1 с.
_d40х20
300 _aВ надзаг.: Свияжск. кантон. ком-т по воен. делам
300 _aПодписи: военный комиссар Новиков; пом. военного комиссара (по военной части) Григорьев; врид. нач. Мобил. отдела Беспалов
325 1 _aКопия доступна в Электронной библиотеке РНБ
517 1 _aО правах и обязанностях организаций, выдающих документы на освобождение от призыва и откомандирование из рядов Красной армии
607 _aРСФСР
_jЛистовки
_xПолитика и управление
_y1917 - 1925
_92312782
_3RU\NLR\auth\6601609564
686 0 _aТ3(2)71-313,011
702 1 _4720
_7ca
_8rus
_aНовиков
_cвоен. комиссар, г. Свияжск
_9200309
_3RU\NLR\AUTH\770200360
702 1 _4720
_7ca
_8rus
_aГригорьев
_cвоен. руководитель, г. Свияжск
_9200322
_3RU\NLR\AUTH\770200373
702 1 _aБеспалов
_cучастник воен. управления, г. Свияжск
_4720
711 0 2 _aСвияжский кантонный комиссариат по военным делам
_9638492
_3RU\NLR\AUTH\880489052
852 0 0 _aNLR
_bФЛ
_j34/73
856 0 _uhttps://vivaldi.nlr.ru/ll000011439/view
856 1 _uhttps://vivaldi.nlr.ru/ll000011439/cover
856 2 _uhttps://vivaldi.nlr.ru/ll000011439/text
942 _cBOOK
980 _aNB
981 2 2 _a(22) Материалы по истории России
_b(22) История России с 25 октября (7 ноября) 1917 года
981 2 1 _a(21) Листовки
_b(21) Листовки 1921 года